=LDR 00000nam 2200000 4500 =001 INLIS000000000039284 =005 20130612144924 =008 ***********************************Ind** =035 ##$$a0010-061300000039284 =041 ##$$a Ind =082 ##$$a 665.776 =090 ##$$a 665.776, Bad m =100 ##$$a Badrussalam, R =245 ##$$a Membuat Biogas dari Nasi Bekas, Ir.R.Badrussalam =260 ##$$a 2008 $b Jakarta =300 ##$$a 22 Hlm, 26 Cm =850 ##$$a NBPNMAT =990 ##$$a 93222/BPAP-NTB/2014